Vallakī. (Record no. 79374)

MARC details
000 -LEADER
fixed length control field 00508cam a22002171 4500
001 - CONTROL NUMBER
control field sa 68003292
003 - CONTROL NUMBER IDENTIFIER
control field DLC
005 - DATE AND TIME OF LATEST TRANSACTION
control field 20260227112451.0
008 - FIXED-LENGTH DATA ELEMENTS--GENERAL INFORMATION
fixed length control field 890615t19671966ii 000 0 hino
010 ## - LIBRARY OF CONGRESS CONTROL NUMBER
LC control number sa 68003292
035 ## - SYSTEM CONTROL NUMBER
System control number (OCoLC)19873072
040 ## - CATALOGING SOURCE
Original cataloging agency DLC
Transcribing agency WaU
Modifying agency DLC
042 ## - AUTHENTICATION CODE
Authentication code premarc
050 00 - LIBRARY OF CONGRESS CALL NUMBER
Classification number PK2098.P667
Item number V3
100 1# - MAIN ENTRY--PERSONAL NAME
Personal name Prabhas, Sitaram,
Dates associated with a name 1917-
245 10 - TITLE STATEMENT
Title Vallakī.
260 ## - PUBLICATION, DISTRIBUTION, ETC.
Date of publication, distribution, etc. [1967, c1966]
300 ## - PHYSICAL DESCRIPTION
Extent 21, 5, 96 p.
Dimensions 23 cm.
500 ## - GENERAL NOTE
General note In Hindi.
500 ## - GENERAL NOTE
General note Poems.

No items available.

Powered by Koha